[Event "World Blitz Championship"]
[Site "Riyadh KSA"]
[Date "2017.12.29"]
[EventDate "2017.12.29"]
[Round "4.7"]
[Result "1/2-1/2"]
[White "Vladimir Malakhov"]
[Black "Ding Liren"]
[WhiteElo "2686"]
[BlackElo "2777"]
[PlyCount "140"]

1. e4 c5 2. Nf3 d6 3. Bb5+ Nd7 4. a4 Nf6 5. d3 a6 6. Bc4 e6
7. Nc3 b6 8. O-O Bb7 9. Bf4 Be7 10. h3 O-O 11. Re1 Re8 12. Bh2
Rc8 13. e5 dxe5 14. Nxe5 Nxe5 15. Bxe5 Nd7 16. Bh2 Nb8
17. Bxb8 Rxb8 18. Qg4 Qc7 19. Ne4 Rbd8 20. Qg3 Qxg3 21. Nxg3
g6 22. Ne4 Kg7 23. f3 Bh4 24. Re2 f5 25. Nd2 Rd6 26. Bb3 Bf6
27. Nc4 Rdd8 28. Nxb6 Bxb2 29. Rb1 Bd4+ 30. Kf1 e5 31. Bc4 e4
32. f4 exd3 33. Rxe8 Rxe8 34. Bxd3 Re7 35. Nc4 Bc6 36. a5 Bb5
37. Nd6 Bxd3+ 38. cxd3 Re3 39. Rb3 Re6 40. Nc4 Kf6 41. Rb6 Bc3
42. Rxe6+ Kxe6 43. Ke2 Kd5 44. Kf3 Kd4 45. Ke2 Bb4 46. Ne5 Kd5
47. Nc4 Kd4 48. Ne5 Kd5 49. Nc4 Kc6 50. g4 fxg4 51. hxg4 Kd5
52. f5 gxf5 53. gxf5 h5 54. Kf3 Bc3 55. Kf4 Kd4 56. f6 Kd5
57. Kg5 Ke6 58. Kxh5 Bxf6 59. Kg4 Kd5 60. Kf3 Kd4 61. Ke2 Kc3
62. Ke3 Kb4 63. Ke4 Bd8 64. Kd5 Kc3 65. Kxc5 Kxd3 66. Nb6 Kc3
67. Nd5+ Kb3 68. Nb4 Be7+ 69. Kb6 Bxb4 70. Kxa6 Bxa5 1/2-1/2

[Event "World Blitz Championship"]
[Site "Riyadh KSA"]
[Date "2017.12.29"]
[EventDate "2017.12.29"]
[Round "5.7"]
[Result "0-1"]
[White "Ding Liren"]
[Black "Georg Meier"]
[WhiteElo "2777"]
[BlackElo "2650"]
[PlyCount "132"]

1. c4 b6 2. g3 Bb7 3. Nf3 Bxf3 4. exf3 c5 5. d4 Nc6 6. d5 Nd4
7. Nc3 g6 8. Bg2 Bg7 9. O-O Nh6 10. g4 O-O 11. Re1 e6 12. Be3
f5 13. g5 Nf7 14. f4 Rb8 15. Ne2 Nxe2+ 16. Rxe2 Qc7 17. Rd2
Rbd8 18. Rc1 Rfe8 19. Rcc2 Bf8 20. Rd3 Qb8 21. Rcd2 e5 22. d6
e4 23. Rd5 Re6 24. f3 Nxd6 25. b3 Rde8 26. fxe4 Nxe4 27. R2d3
d6 28. Bxe4 Rxe4 29. Qf3 b5 30. cxb5 Qxb5 31. Kg2 a5 32. Bf2
a4 33. h4 axb3 34. axb3 Re2 35. h5 R8e4 36. hxg6 hxg6 37. Rd2
Qa6 38. Rxe2 Qxe2 39. Qxe2 Rxe2 40. Kf3 Rb2 41. Rd3 Kf7
42. Be1 Rb1 43. Bd2 Ke6 44. Re3+ Kd7 45. Ke2 Bg7 46. Bc3 Bxc3
47. Rxc3 Rb2+ 48. Kf3 Rh2 49. Kg3 Rd2 50. Kf3 Kc6 51. Re3 Kd5
52. Re8 Rd3+ 53. Ke2 Rxb3 54. Rg8 Ke4 55. Rxg6 d5 56. Rc6 c4
57. g6 Rg3 58. Kf2 Rg4 59. Rd6 Rxf4+ 60. Ke2 Rg4 61. Re6+ Kd4
62. Rf6 c3 63. Rxf5 Rg2+ 64. Kd1 Rxg6 65. Rf4+ Kd3 66. Rf3+
Kc4 0-1

[Event "World Blitz Championship"]
[Site "Riyadh KSA"]
[Date "2017.12.29"]
[EventDate "2017.12.29"]
[Round "6.15"]
[Result "1-0"]
[White "Ding Liren"]
[Black "Baadur Jobava"]
[WhiteElo "2777"]
[BlackElo "2690"]
[PlyCount "91"]

1. d4 d5 2. c4 c6 3. Nf3 Nf6 4. e3 g6 5. Nc3 Bg7 6. Bd3 O-O
7. O-O Nbd7 8. h3 dxc4 9. Bxc4 Ne8 10. e4 Nc7 11. Bg5 h6
12. Be3 Kh7 13. Qc2 Nb6 14. Be2 f5 15. Rad1 Qe8 16. Rfe1 fxe4
17. Qxe4 Nbd5 18. Bc1 Bf5 19. Qh4 Bc2 20. Rd2 Bf6 21. Qg3 Bf5
22. Bc4 Rd8 23. Rde2 Nxc3 24. bxc3 Nd5 25. Ba3 Rf7 26. Ne5 Rg7
27. Bb3 g5 28. Ng4 Qg6 29. Bxd5 cxd5 30. Bxe7 Bxe7 31. Rxe7
Bxg4 32. hxg4 Rd7 33. R7e6 Qf7 34. Qd3+ Rg6 35. R1e5 Kg7
36. Qe3 Rxe6 37. Rxe6 Qf4 38. Re7+ Rxe7 39. Qxe7+ Kh8 40. Qe5+
Kh7 41. Qxf4 gxf4 42. Kf1 Kg6 43. Ke2 b5 44. Kf3 Kg5 45. g3
fxg3 46. Kxg3 1-0

[Event "World Blitz Championship"]
[Site "Riyadh KSA"]
[Date "2017.12.29"]
[EventDate "2017.12.29"]
[Round "7.10"]
[Result "0-1"]
[White "Francisco Vallejo Pons"]
[Black "Ding Liren"]
[WhiteElo "2707"]
[BlackElo "2777"]
[PlyCount "122"]

1. e4 e5 2. Nf3 Nc6 3. Bb5 a6 4. Ba4 Nf6 5. O-O Be7 6. Qe2 b5
7. Bb3 O-O 8. d4 Nxd4 9. Nxd4 exd4 10. e5 Ne8 11. c3 c5
12. cxd4 cxd4 13. Rd1 Qb6 14. Nd2 Nc7 15. Ne4 Ne6 16. Ng3 Re8
17. Nf5 Bf8 18. Qg4 g6 19. Nh6+ Bxh6 20. Bxh6 d6 21. Qf3 Bb7
22. Qg3 Rad8 23. Rac1 dxe5 24. Qxe5 Qd6 25. Qf6 Qe7 26. Qxe7
Rxe7 27. Rd2 Bd5 28. Bd1 Nf4 29. f3 Ne6 30. h4 f6 31. Kf2 Kf7
32. Be2 Bxa2 33. Rc6 Bc4 34. Bxc4 bxc4 35. Rxc4 Rc7 36. Rb4 d3
37. Rb3 Rc2 38. Rxd3 Rxd2+ 39. Rxd2 Rxd2+ 40. Bxd2 Nc7 41. Ke3
Ke6 42. Kd4 Kd7 43. Kc5 f5 44. Kb6 h5 45. Ba5 Nb5 46. f4 Nd4
47. b4 Kd6 48. Kb7 Kd5 49. Bd8 Kc4 50. Be7 Nc2 51. Kxa6 Nxb4+
52. Bxb4 Kxb4 53. Kb6 Kc4 54. Kc6 Kd4 55. Kd6 Ke4 56. Ke6 Kxf4
57. Kf6 Kg4 58. Kxg6 f4 59. Kf6 Kxh4 60. Kf5 Kg3 61. Kg5 h4
0-1

[Event "World Blitz Championship"]
[Site "Riyadh KSA"]
[Date "2017.12.29"]
[EventDate "2017.12.29"]
[Round "8.7"]
[Result "1/2-1/2"]
[White "Wang Hao"]
[Black "Ding Liren"]
[WhiteElo "2709"]
[BlackElo "2777"]
[PlyCount "119"]

1. e4 e5 2. Nf3 Nc6 3. Bb5 a6 4. Ba4 Nf6 5. O-O Be7 6. Re1 b5
7. Bb3 O-O 8. d4 d6 9. c3 Bg4 10. Be3 exd4 11. cxd4 d5 12. e5
Ne4 13. h3 Bh5 14. Nc3 Nxc3 15. bxc3 Qd7 16. Bc2 Nd8 17. Qb1
Bg6 18. Bxg6 fxg6 19. Nd2 Ne6 20. a4 bxa4 21. Qa2 a3 22. c4 c6
23. c5 Rfb8 24. Qxa3 Rb5 25. Reb1 a5 26. Qd3 g5 27. Rb3 g6
28. Rba3 Bd8 29. g3 Qf7 30. Kg2 Qf5 31. Qxf5 gxf5 32. f4 gxf4
33. gxf4 Rab8 34. Kf3 Kf7 35. R1a2 Rb4 36. Rd3 a4 37. Raa3 Ra8
38. Nf1 h5 39. Ng3 Kg6 40. Ne2 Rb2 41. Rd1 Rb3 42. Rxb3 axb3
43. Rb1 Ra3 44. Rb2 Ba5 45. Nc1 Bc3 46. Rxb3 Rxb3 47. Nxb3 Kf7
48. Ke2 Ke7 49. Kd3 Be1 50. Nc1 Kd7 51. Ne2 Kc7 52. Kc2 Kb7
53. Kd1 Bh4 54. Nc1 Ka6 55. Nd3 Kb5 56. Kc2 Kc4 57. Nb2+ Kb4
58. Nd3+ Kc4 59. Nb2+ Kb4 60. Nd3+ 1/2-1/2

[Event "World Blitz Championship"]
[Site "Riyadh KSA"]
[Date "2017.12.29"]
[EventDate "2017.12.29"]
[Round "9.6"]
[Result "1-0"]
[White "Ding Liren"]
[Black "Sanan Sjugirov"]
[WhiteElo "2777"]
[BlackElo "2650"]
[PlyCount "209"]

1. c4 e5 2. g3 d6 3. Bg2 f5 4. d4 Be7 5. Nc3 Nf6 6. Nf3 e4
7. Ng5 c6 8. d5 Nxd5 9. Ngxe4 Nb6 10. Nd2 Bf6 11. O-O O-O
12. Qc2 Be6 13. b3 d5 14. Bb2 dxc4 15. bxc4 Nxc4 16. Nxc4 Bxc4
17. Rad1 Qe7 18. Ne4 Bxb2 19. Qxc4+ Kh8 20. Nd6 Na6 21. Qb3
Be5 22. Nxb7 Nb4 23. Na5 Rac8 24. a3 Nd5 25. Nxc6 Rxc6
26. Rxd5 Rc7 27. Qe3 Bf6 28. Qd3 g6 29. a4 Rfc8 30. e3 Rd8
31. Rd1 Rxd5 32. Qxd5 Kg7 33. h4 h5 34. Qb3 Qc5 35. Bf3 Qb6
36. Qxb6 axb6 37. Rb1 Rc4 38. Bd1 Bd8 39. Kg2 Rc5 40. Rb3 Rd5
41. Bf3 Rd6 42. Rc3 Kf6 43. Rc2 Ke5 44. Be2 Kf6 45. Bb5 Ke5
46. Kf3 Kf6 47. Rc8 Ke5 48. Rc4 Kf6 49. e4 fxe4+ 50. Kxe4 Ke6
51. f3 Kf6 52. g4 hxg4 53. fxg4 Re6+ 54. Kf3 Be7 55. g5+ Kg7
56. Rc7 Kf8 57. Bc4 Rd6 58. Rc8+ Rd8 59. Rc6 Rd6 60. Rc8+ Rd8
61. Rc7 Rd4 62. Rc8+ Rd8 63. Rc6 Rd6 64. Rc7 Rd4 65. h5 gxh5
66. g6 Rf4+ 67. Ke2 Re4+ 68. Kd3 Rg4 69. g7+ Kxg7 70. Rxe7+
Kf6 71. Re6+ Kg5 72. Rxb6 Rg3+ 73. Kd4 Ra3 74. Bb3 Ra1 75. Kc5
h4 76. Kb5 h3 77. Bd5 h2 78. a5 Rd1 79. Bb7 Rd7 80. a6 Rxb7
81. axb7 h1=Q 82. b8=Q Qb1+ 83. Ka6 Qa2+ 84. Kb7 Qd5+ 85. Ka7
Qa2+ 86. Ra6 Qf2+ 87. Qb6 Qf7+ 88. Qb7 Qf2+ 89. Rb6 Qa2+
90. Kb8 Qh2+ 91. Qc7 Qh8+ 92. Qc8 Qe5+ 93. Qc7 Qh8+ 94. Kb7
Qh1+ 95. Qc6 Qh7+ 96. Kb8 Qh8+ 97. Ka7 Qa1+ 98. Kb7 Qg7+
99. Qc7 Qd4 100. Rb5+ Kg4 101. Qc8+ Kg3 102. Qg8+ Kf2
103. Qf7+ Ke2 104. Qe6+ Kf2 105. Rf5+ 1-0

[Event "World Blitz Championship"]
[Site "Riyadh KSA"]
[Date "2017.12.29"]
[EventDate "2017.12.29"]
[Round "10.5"]
[Result "1/2-1/2"]
[White "Viswanathan Anand"]
[Black "Ding Liren"]
[WhiteElo "2782"]
[BlackElo "2777"]
[PlyCount "75"]

1. e4 e5 2. Nf3 Nc6 3. Bc4 Nf6 4. d3 Bc5 5. O-O O-O 6. c3 d6
7. a4 a5 8. Na3 Be6 9. Bxe6 fxe6 10. Nc2 Qe8 11. Be3 Bxe3
12. Nxe3 Rd8 13. Qe2 d5 14. Rfe1 Qg6 15. Nf1 Nh5 16. Ng3 Nf4
17. Qc2 h5 18. Kh1 Qg4 19. Ng1 h4 20. f3 Qg6 21. Nf1 d4
22. Rad1 Rd6 23. g3 Nh5 24. gxh4 Rf4 25. Qg2 Qxg2+ 26. Kxg2
Rxh4 27. Ne2 Nf4+ 28. Nxf4 exf4 29. Nd2 Ne5 30. Nc4 Nxc4
31. dxc4 d3 32. Rd2 e5 33. Red1 Rg6+ 34. Kh1 Rgh6 35. Rf2 Rd6
36. Rfd2 Rdh6 37. Rf2 Rd6 38. Rfd2 1/2-1/2

[Event "World Blitz Championship"]
[Site "Riyadh KSA"]
[Date "2017.12.29"]
[EventDate "2017.12.29"]
[Round "11.5"]
[Result "1-0"]
[White "Ding Liren"]
[Black "Farrukh Amonatov"]
[WhiteElo "2777"]
[BlackElo "2636"]
[PlyCount "72"]

1. d4 Nf6 2. c4 g6 3. Nc3 Bg7 4. e4 d6 5. h3 O-O 6. Be3 e5
7. d5 a5 8. g4 Na6 9. Nge2 c6 10. Ng3 Nc5 11. g5 Nfd7 12. h4
cxd5 13. Nxd5 Nb6 14. Nc3 Be6 15. b3 a4 16. Rb1 axb3 17. axb3
Nc8 18. h5 Ne7 19. Bh3 Bxh3 20. Rxh3 Qc8 21. Rh4 Rd8 22. hxg6
hxg6 23. Kf1 Ne6 24. Nb5 Nc6 25. Kg2 Ncd4 26. Nc3 Nf4+
27. Bxf4 exf4 28. Nd5 f3+ 29. Kf1 Re8 30. Nf6+ Bxf6 31. gxf6
Qc5 32. Qd2 Qe5 33. Rd1 Nxb3 34. Qh6 Qxf6 35. Nf5 Nd2+ 36. Kg1
Nxe4 1-0

[Event "World Blitz Championship"]
[Site "Riyadh KSA"]
[Date "2017.12.30"]
[EventDate "2017.12.29"]
[Round "12.4"]
[Result "0-1"]
[White "Le Quang Liem"]
[Black "Ding Liren"]
[WhiteElo "2737"]
[BlackElo "2777"]
[PlyCount "114"]

1. d4 Nf6 2. Bf4 d5 3. e3 c5 4. Nd2 Nc6 5. c3 Bf5 6. Ngf3 e6
7. Be2 Bd6 8. dxc5 Bxc5 9. Nd4 Bg6 10. Qa4 O-O 11. Nxc6 bxc6
12. Qxc6 Rc8 13. Qa4 Re8 14. O-O e5 15. Bg3 d4 16. Ba6 dxe3
17. Nb3 exf2+ 18. Kh1 Rc7 19. Rad1 Qe7 20. Nxc5 Rxc5 21. Bxf2
Rc7 22. Rfe1 e4 23. Bg3 Rd7 24. Rxd7 Nxd7 25. Bb5 Nc5 26. Qb4
Rc8 27. Bf2 Qc7 28. Qxc5 Qxc5 29. Bxc5 Rxc5 30. c4 f5 31. b4
Rc7 32. c5 Kf7 33. g3 Kf6 34. Kg2 Ke5 35. Rd1 Bh5 36. Rd8 g5
37. Bc4 e3 38. Bd3 f4 39. gxf4+ gxf4 40. Rf8 f3+ 41. Kf1 Kd4
42. Rd8+ Kc3 43. Be4 Re7 44. Rd3+ Kc4 45. Rxe3 Kd4 46. Bxf3
Rxe3 47. Bxh5 Kc4 48. c6 Kxb4 49. Bg4 Rc3 50. Bd7 Ka3 51. Ke2
Kxa2 52. Kd2 Kb2 53. h4 a5 54. h5 h6 55. Kd1 Kb3 56. Kd2 Kb4
57. Be8 a4 0-1

[Event "World Blitz Championship"]
[Site "Riyadh KSA"]
[Date "2017.12.30"]
[EventDate "2017.12.29"]
[Round "13.2"]
[Result "1/2-1/2"]
[White "Ding Liren"]
[Black "Sergey Karjakin"]
[WhiteElo "2777"]
[BlackElo "2760"]
[PlyCount "34"]

1. d4 Nf6 2. c4 e6 3. g3 d5 4. Bg2 Bb4+ 5. Nd2 O-O 6. Nf3 b6
7. O-O Bb7 8. b3 c5 9. Bb2 Nc6 10. cxd5 Nxd5 11. Ne4 cxd4
12. Nxd4 Re8 13. Rc1 Nxd4 14. Qxd4 Bf8 15. Rfd1 Qe7 16. Nc3
Red8 17. Nxd5 Bxd5 1/2-1/2

[Event "World Blitz Championship"]
[Site "Riyadh KSA"]
[Date "2017.12.30"]
[EventDate "2017.12.29"]
[Round "14.3"]
[Result "1/2-1/2"]
[White "Ding Liren"]
[Black "Maxime Vachier-Lagrave"]
[WhiteElo "2777"]
[BlackElo "2789"]
[PlyCount "29"]

1. d4 Nf6 2. c4 g6 3. Nf3 Bg7 4. g3 O-O 5. Bg2 c5 6. d5 d6
7. Nc3 e6 8. O-O exd5 9. cxd5 a6 10. a4 Re8 11. Bf4 Bf5
12. Nh4 Bc8 13. Nf3 Bf5 14. Nh4 Bc8 15. Nf3 1/2-1/2

[Event "World Blitz Championship"]
[Site "Riyadh KSA"]
[Date "2017.12.30"]
[EventDate "2017.12.29"]
[Round "15.2"]
[Result "1/2-1/2"]
[White "Ian Nepomniachtchi"]
[Black "Ding Liren"]
[WhiteElo "2729"]
[BlackElo "2777"]
[PlyCount "107"]

1. e4 e5 2. Nf3 Nc6 3. Nc3 Nf6 4. Bb5 Nd4 5. O-O Nxb5 6. Nxb5
c6 7. Nc3 d6 8. d4 Qc7 9. h3 Be7 10. a4 O-O 11. Re1 Re8 12. b3
Bf8 13. Bb2 b6 14. Qd2 Bb7 15. Rad1 Rad8 16. Qg5 h6 17. Qc1 a6
18. dxe5 dxe5 19. Ba3 c5 20. Nd2 Bc6 21. Nf3 b5 22. axb5 axb5
23. Rxd8 Rxd8 24. Bb2 b4 25. Nd5 Nxd5 26. exd5 Bxd5 27. Nxe5
Re8 28. Re3 Bd6 29. Ng4 Rxe3 30. Qxe3 Qe7 31. Qd2 Qe6 32. Ne3
Be4 33. c3 Qxb3 34. cxb4 cxb4 35. Qd4 Bf8 36. Ng4 Qe6
37. Nxh6+ Qxh6 38. Qxe4 Qd2 39. Qd4 Qe2 40. g3 b3 41. h4 Qe6
42. h5 f6 43. Kg2 Qc6+ 44. f3 Qc2+ 45. Kh3 Qf5+ 46. Kg2 Qxh5
47. g4 Qc5 48. Qe4 Qc2+ 49. Qxc2 bxc2 50. Kf1 Bd6 51. Bc1 Kf7
52. Ke2 Ke6 53. Kd3 Kd5 54. Kxc2 1/2-1/2

[Event "World Blitz Championship"]
[Site "Riyadh KSA"]
[Date "2017.12.30"]
[EventDate "2017.12.29"]
[Round "16.3"]
[Result "0-1"]
[White "Ding Liren"]
[Black "Tigran Levonovich Petrosian"]
[WhiteElo "2777"]
[BlackElo "2601"]
[PlyCount "74"]

1. d4 d6 2. Nf3 Bg4 3. c4 Bxf3 4. exf3 g6 5. Nc3 Bg7 6. h4 Nf6
7. Be3 c6 8. d5 Nbd7 9. g3 cxd5 10. cxd5 O-O 11. Bh3 Ne5
12. O-O Nc4 13. Bd4 Qa5 14. Qe2 Nb6 15. Rfd1 Nfxd5 16. Nxd5
Nxd5 17. h5 e5 18. Be3 Nxe3 19. Qxe3 d5 20. b4 Qb5 21. a4 Qc6
22. Qb3 Rad8 23. Rac1 Qd6 24. b5 d4 25. hxg6 hxg6 26. Bf1 Bf6
27. Kg2 Kg7 28. Bd3 Bg5 29. Rc2 Rh8 30. Qc4 Qd7 31. g4 Bf4
32. Qc7 Qe6 33. Kf1 Rc8 34. Qxb7 Rh1+ 35. Ke2 Rxc2+ 36. Bxc2
Qc4+ 37. Bd3 Qa2+ 0-1

[Event "World Blitz Championship"]
[Site "Riyadh KSA"]
[Date "2017.12.30"]
[EventDate "2017.12.29"]
[Round "17.4"]
[Result "0-1"]
[White "Alexander Grischuk"]
[Black "Ding Liren"]
[WhiteElo "2772"]
[BlackElo "2777"]
[PlyCount "100"]

1. e4 e5 2. Nf3 Nc6 3. Bb5 a6 4. Ba4 Nf6 5. O-O Be7 6. d3 b5
7. Bb3 d6 8. a4 b4 9. a5 O-O 10. Be3 h6 11. Nbd2 Re8 12. c3
Bf8 13. h3 Rb8 14. Re1 bxc3 15. bxc3 d5 16. Qc2 Be6 17. Ba4
Bd7 18. Qa2 dxe4 19. dxe4 Bd6 20. Bb3 Be6 21. Bxe6 Rxe6
22. Qc4 Bf8 23. Qa4 Rb5 24. Reb1 Rxa5 25. Qc4 Qc8 26. Ra4 Rxa4
27. Qxa4 Nd7 28. Qc4 Ne7 29. Nh4 Rc6 30. Qd3 Nc5 31. Qc2 Ne6
32. Nf5 Nxf5 33. exf5 Nd4 34. Qe4 Rxc3 35. Bxd4 exd4 36. Qxd4
Rc6 37. g4 Rd6 38. Qc3 Qd7 39. Nf3 Rd1+ 40. Rxd1 Qxd1+ 41. Kg2
c5 42. Qc4 Qd6 43. h4 a5 44. g5 hxg5 45. hxg5 g6 46. f6 Qc6
47. Qc3 a4 48. Kg1 Qe4 49. Ne5 a3 50. f3 Qd4+ 0-1

[Event "World Blitz Championship"]
[Site "Riyadh KSA"]
[Date "2017.12.30"]
[EventDate "2017.12.29"]
[Round "18.1"]
[Result "0-1"]
[White "Ding Liren"]
[Black "Magnus Carlsen"]
[WhiteElo "2777"]
[BlackElo "2837"]
[PlyCount "110"]

1. d4 Nf6 2. c4 e6 3. g3 d5 4. Bg2 Bb4+ 5. Nd2 O-O 6. Nf3 b6
7. O-O Bb7 8. b3 c5 9. Bb2 Nbd7 10. a3 Bxd2 11. Nxd2 cxd4
12. Bxd4 Rc8 13. b4 Qe7 14. Rc1 Rfd8 15. Qb3 dxc4 16. Nxc4
Bxg2 17. Kxg2 e5 18. Bb2 Qe6 19. Rfd1 Nf8 20. Rxd8 Rxd8
21. Qf3 Rc8 22. Ne3 Rxc1 23. Bxc1 e4 24. Qf4 Qa2 25. Qc7 Qxe2
26. Qxa7 h5 27. Qxb6 h4 28. Qc6 Ng4 29. Nxg4 Qxg4 30. Qc4 h3+
31. Kg1 Ng6 32. Be3 Ne5 33. Qf1 Nf3+ 34. Kh1 Ne5 35. b5 Nc4
36. Kg1 Nxe3 37. fxe3 Qe6 38. a4 Qb3 39. Qe1 Qxa4 40. Qb1 Qa5
41. b6 Qd2 42. Qf1 Qxe3+ 43. Qf2 Qc1+ 44. Qf1 Qc5+ 45. Qf2 e3
46. Qe2 Qxb6 47. Kf1 Qb1+ 48. Qe1 Qe4 49. Ke2 Qg2+ 50. Kxe3
Qxh2 51. Kf4 Qc2 52. g4 Qc7+ 53. Kf3 Qc6+ 54. Kg3 Qg2+ 55. Kf4
h2 0-1

[Event "World Blitz Championship"]
[Site "Riyadh KSA"]
[Date "2017.12.30"]
[EventDate "2017.12.29"]
[Round "19.6"]
[Result "0-1"]
[White "Vidit Santosh Gujrathi"]
[Black "Ding Liren"]
[WhiteElo "2715"]
[BlackElo "2777"]
[PlyCount "133"]

1. d4 Nf6 2. Nf3 d5 3. Bf4 c5 4. e3 Nc6 5. Nbd2 Qb6 6. dxc5
Qxb2 7. Bd3 Qc3 8. Rb1 e6 9. O-O Be7 10. Nd4 Nxd4 11. exd4
Qxd4 12. Be3 Qe5 13. Bb5+ Kf8 14. Nf3 Qc7 15. Qd4 Bd7 16. Ne5
Bxb5 17. Rxb5 a6 18. Rb3 Ne4 19. Nd3 Rc8 20. Rfb1 Nxc5 21. Rc3
b6 22. Bf4 Qd8 23. Be5 f6 24. Bg3 Kf7 25. Re1 Nxd3 26. Rxd3
Rc4 27. Qe3 Qd7 28. Qe2 Rhc8 29. Re3 R8c6 30. Qh5+ Kg8
31. Rxe6 Rxe6 32. Rxe6 Rxc2 33. h3 g6 34. Qd1 Qxe6 35. Qxc2
Bc5 36. a4 Kf7 37. Qd3 a5 38. Qb5 g5 39. Qa6 h5 40. h4 Qe1+
41. Kh2 Bxf2 42. Bxf2 Qxf2 43. hxg5 fxg5 44. Qb7+ Ke6 45. Qc6+
Ke5 46. Qe8+ Kd4 47. Qh8+ Kc4 48. Qc8+ Kb4 49. Qd7 Qh4+
50. Kg1 Qd4+ 51. Kh2 Qh4+ 52. Kg1 Qe1+ 53. Kh2 Qe5+ 54. Kg1 d4
55. Qc6 Qc5 56. Qe4 Kxa4 57. Qe8+ b5 58. Kh2 d3 59. Qe4+ Qc4
60. Qe3 b4 61. Qe8+ Ka3 62. g3 d2 63. Qe3+ Qc3 64. Qe2 Qc2
65. Qe3+ Ka2 66. Qe6+ b3 67. Qa6 0-1

[Event "World Blitz Championship"]
[Site "Riyadh KSA"]
[Date "2017.12.30"]
[EventDate "2017.12.29"]
[Round "20.4"]
[Result "1/2-1/2"]
[White "Yu Yangyi"]
[Black "Ding Liren"]
[WhiteElo "2751"]
[BlackElo "2777"]
[PlyCount "130"]

1. d4 Nf6 2. c4 e6 3. Nc3 Bb4 4. Nf3 O-O 5. Qc2 d5 6. Bg5 h6
7. Bxf6 Qxf6 8. a3 Bxc3+ 9. Qxc3 c6 10. e3 Nd7 11. Be2 dxc4
12. Qxc4 e5 13. O-O exd4 14. Qxd4 Qxd4 15. Nxd4 Nf6 16. Rfd1
Rd8 17. Rac1 Bd7 18. f3 g6 19. e4 Kg7 20. Kf2 Be8 21. b4 Rac8
22. Nb3 b6 23. Ba6 Rb8 24. Bc4 Kf8 25. e5 Nh5 26. g3 Ke7
27. Ke3 Ng7 28. g4 f6 29. exf6+ Kxf6 30. Nd4 Rd6 31. Ne2 Rbd8
32. Rxd6+ Rxd6 33. Nc3 Rd8 34. Ne4+ Ke7 35. h4 Ne6 36. Bxe6
Kxe6 37. f4 Ke7 38. f5 gxf5 39. gxf5 Rd5 40. Kf4 Bd7 41. f6+
Kf8 42. Rg1 Rf5+ 43. Ke3 Re5 44. Kf4 Rf5+ 45. Ke3 Re5 46. Rg7
Be6 47. Re7 a5 48. Kf4 Rf5+ 49. Ke3 Bd5 50. bxa5 bxa5 51. Kd4
Rf4 52. Ke3 Rf5 53. Re8+ Kxe8 54. Nd6+ Kd7 55. Nxf5 Ke6
56. Nxh6 Kxf6 57. Ng4+ Kg6 58. Kd4 Kh5 59. Nf6+ Kxh4 60. Nxd5
cxd5 61. a4 Kg5 62. Kxd5 Kf6 63. Kc5 Ke7 64. Kb5 Kd7 65. Kxa5
Kc7 1/2-1/2

[Event "World Blitz Championship"]
[Site "Riyadh KSA"]
[Date "2017.12.30"]
[EventDate "2017.12.29"]
[Round "21.6"]
[Result "1/2-1/2"]
[White "Ding Liren"]
[Black "Hrant Melkumyan"]
[WhiteElo "2777"]
[BlackElo "2633"]
[PlyCount "41"]

1. c4 e6 2. Nc3 d5 3. d4 Nf6 4. cxd5 Nxd5 5. e4 Nxc3 6. bxc3
c5 7. Rb1 Be7 8. Nf3 O-O 9. Bc4 a6 10. a4 cxd4 11. cxd4 Qc7
12. Bb3 b5 13. O-O Bb7 14. d5 exd5 15. exd5 Nd7 16. axb5 axb5
17. Nd4 b4 18. Nf5 Bf6 19. Qg4 Ne5 20. Qxb4 Ba6 21. Rd1
1/2-1/2